000 00699nam a2200229 i 4500
001 18183
003 ES-MaACL
007 t|
008 011003s1968 fr ||||1| fre d
080 _a330.85/86
100 1 _aBettelheim, Charles.
_928678
245 1 3 _aLa transition vers l'économie socialiste /
_cCharles Bettelheim.
260 _aParis :
_bFrançois Maspero,
_c1968.
300 _a270 p. ;
_c24 cm.
490 1 _aEconomie et socialisme ;
_v9
500 _aBiblioteca Juan Andrade.
650 1 4 _aEconomía marxista.
_912033
650 1 7 _aSocialismo
_2embne
_917147
830 0 _aEconomie et socialisme ;
_v9
_9180361
852 _aES-MaACL
_jAND-99
_bR.109424
999 _c18183
_d18183